000
00297nam a2200121 a 4500
001
4140
005
20140414132003.0
008
090218s19uu xx 00 eng d
050
_a
TR 745.5
_b
F32 2006
100
_a
Feely, Jenny
245
_a
Art and craft :
_b
helping kids at home.
999
_c
113116
_d
113116